Al Mathnawi al-Nuriya (Mesnevi-I Nuriye) (Record no. 27080)

MARC details
000 -LEADER
fixed length control field 00633nam a2200181Ia 4500
020 ## - INTERNATIONAL STANDARD BOOK NUMBER
ISBN 9781932099188
050 ## - CALL MARK
Classification number BP 252 .N85613/
100 ## - STATEMENT OF RESPONSIBILITY--MAIN AUTHOR NAME
Personal name Nursî, Said, Bediüzzaman Said Nursi, 1873-1960
245 #0 - TITLE STATEMENT
Title Al Mathnawi al-Nuriya (Mesnevi-I Nuriye)
260 ## - PUBLICATION, DISTRIBUTION, ETC. (IMPRINT)
Place of publication New Jersey
260 ## - PUBLICATION, DISTRIBUTION, ETC. (IMPRINT)
Name of publisher Tugra Books
260 ## - PUBLICATION, DISTRIBUTION, ETC. (IMPRINT)
Year of publication 2007
300 ## - PHYSICAL DESCRIPTION
Number of Pages 430 p
650 ## - SUBJECT ADDED ENTRY--TOPICAL TERM
Topical Term Nursî, Said, 1873-1960 -- Philosophy Islam -- Essence, genius, nature Islam -- Appreciation Nursi, Said, 1873-1960 -- Felsefe İslam -- Öz, deha, doğa İslam -- Değerlendirme
942 ## - ADDED ENTRY ELEMENTS (KOHA)
Koha item type Books
Holdings
Withdrawn status Lost status Source of classification or shelving scheme Damaged status Not for loan Permanent Location Current Location Shelving location Date acquired Full call number Accession Number Price effective from Koha item type
    Library of Congress Classification     NILE UNIVERSITY OF NIGERIA - MAIN LIBRARY NILE UNIVERSITY OF NIGERIA - MAIN LIBRARY Items on shelf 04/23/2025 BP 252 .N85613/ 0002089 04/23/2025 Books